Noms d'équations physiques - Statistiques

Statistiques générales
  • Ce quiz a été pris 115 fois
  • Le résultat moyen est 6 sur 16
Statistiques - réponses
Par images Réponse % Correct
Maxwell-Gauss
72%
Schrödinger
70%
Maxwell-Ampère
67%
Navier-Stokes
64%
Maxwell-Faraday
63%
Maxwell-Thomson
61%
diffusion
51%
Laplace
47%
d'Alembert
45%
conservation
40%
Poisson
32%
Klein-Gordon
11%
advection
5%
advection-diffusion
2%
Burgers
1%
Helmoltz
1%
Aucun quiz correspondant
Distribution des résultats
% des personnes avec chaque résultat
Percentile par nombre de réponses
Votre historique - résultats
Vous n’avez pas pris ce quiz